[Event "Cto Aragón Equipos Pref Gr II"]
[Site "Aragon"]
[Date "2015.01.31"]
[Round "2.63"]
[White "Forcen Esteban, Victor"]
[Black "Marcellan Peire, Jesus Eduardo"]
[Result "0-1"]
[WhiteElo "1916"]
[BlackElo "1912"]
[PlyCount "92"]
[EventDate "2015.01.24"]
[WhiteTeam "Marcos Frechin"]
[BlackTeam "Ejea"]

1. e4 c5 2. Nf3 Nc6 3. d4 cxd4 4. Nxd4 Nf6 5. Nc3 e6 6. Nxc6 bxc6 7. e5 Nd5 8.
Ne4 Qc7 9. f4 c5 10. c4 Nb4 11. a3 Nc6 12. Nd6+ Bxd6 13. Qxd6 Qxd6 14. exd6 Nd4
15. Rb1 Nf5 16. b4 Nxd6 17. Be3 cxb4 18. axb4 Nf5 19. Bf2 Bb7 20. Rg1 h5 21. h3
Be4 22. Ra1 a6 23. b5 axb5 24. Rxa8+ Bxa8 25. cxb5 O-O 26. Bd3 Re8 27. Kd2 Nd6
28. g4 hxg4 29. hxg4 Be4 30. b6 Ra8 31. Bc5 Bxd3 32. Kxd3 Nb7 33. Kc4 Rc8 34.
Kb5 Rxc5+ 35. Ka6 Nd8 36. Rd1 d5 37. b7 Nxb7 38. Kxb7 Rc4 39. Rf1 g5 40. f5 e5
41. Rg1 Kg7 42. Kb6 Kf6 43. Kb5 e4 44. Rf1 e3 45. Rf3 Rc3 46. Kb4 d4 0-1

[Event "Cto Aragón Equipos Pref Gr II"]
[Site "Aragon"]
[Date "2015.01.31"]
[Round "2.64"]
[White "Merin Flores, Miguel Angel"]
[Black "Gaspar Calvo, Luis Alberto"]
[Result "0-1"]
[WhiteElo "1712"]
[BlackElo "1883"]
[PlyCount "102"]
[EventDate "2015.01.24"]
[WhiteTeam "Ejea"]
[BlackTeam "Marcos Frechin"]

1. d4 Nf6 2. Nf3 e6 3. c4 Bb4+ 4. Nc3 b6 5. Bg5 Bb7 6. e3 h6 7. Bxf6 Bxc3+ 8.
bxc3 Qxf6 9. Be2 O-O 10. O-O d6 11. Re1 c5 12. Qc2 e5 13. d5 Nd7 14. e4 Rfe8
15. a4 Nf8 16. Reb1 Reb8 17. Rb2 Bc8 18. Nd2 Ng6 19. Nf1 Nf4 20. Ng3 Qg5 21.
Bf1 h5 22. Nf5 Bxf5 23. exf5 h4 24. Re1 Nxg2 25. Bxg2 h3 26. f3 hxg2 27. Re2
Qh4 28. Kxg2 Qxc4 29. Re4 Qxd5 30. c4 Qb7 31. Qd2 Qe7 32. h4 Qf6 33. Rb1 Qxf5
34. Rh1 Qe6 35. h5 f5 36. Reh4 Qh6 37. Qd3 Rf8 38. Kh3 Rae8 39. Rg1 e4 40. Qd5+
Qe6 41. fxe4 fxe4+ 42. Qxe6+ Rxe6 43. h6 g6 44. Re1 e3 45. Kg3 Kh7 46. Rh2 Rfe8
47. Rb2 e2 48. a5 bxa5 49. Ra2 R8e7 50. Rxa5 Kxh6 51. Ra2 Re4 0-1

[Event "Cto Aragón Equipos Pref Gr II"]
[Site "Aragon"]
[Date "2015.01.31"]
[Round "2.65"]
[White "Vera Aranjuelo, Jesus Maria"]
[Black "Turon Perez, David"]
[Result "1/2-1/2"]
[WhiteElo "2027"]
[BlackElo "1932"]
[PlyCount "93"]
[EventDate "2015.01.24"]
[WhiteTeam "Caissa B"]
[BlackTeam "Tauste B"]

1. d4 Nf6 2. Nf3 e6 3. Bf4 c5 4. c3 b6 5. e3 Bb7 6. Be2 Be7 7. h3 O-O 8. O-O
Re8 9. Nbd2 cxd4 10. cxd4 d6 11. Rc1 Nbd7 12. Nc4 Nf8 13. Ne1 Rc8 14. Bf3 Ba6
15. Qa4 Rxc4 16. Rxc4 Bxc4 17. Qxc4 d5 18. Qa6 Bd6 19. Bxd6 Qxd6 20. Qxa7 Ne4
21. Nd3 Nd2 22. Rc1 Re7 23. Qa4 Rc7 24. Qd1 Nxf3+ 25. Qxf3 f6 26. Qd1 Kf7 27.
Qd2 Ke7 28. Rc3 Nd7 29. Qc2 Rxc3 30. Qxc3 Kd8 31. Nb4 Nb8 32. a3 Kd7 33. Qd3
Kc7 34. Qxh7 Qd7 35. h4 Kd6 36. Qg8 Nc6 37. Nxc6 Kxc6 38. Qa8+ Kd6 39. Qb8+ Kc6
40. b4 Kb5 41. Qa8 e5 42. g3 exd4 43. exd4 Qe6 44. Qb7 Qe1+ 45. Kg2 Qe4+ 46.
Kg1 Qe1+ 47. Kg2 1/2-1/2

[Event "Cto Aragón Equipos Pref Gr II"]
[Site "Aragon"]
[Date "2015.01.31"]
[Round "2.66"]
[White "Muro Turon, Raul"]
[Black "Carraminana Lopez, Luis Antoni"]
[Result "1/2-1/2"]
[WhiteElo "1893"]
[BlackElo "1968"]
[PlyCount "49"]
[EventDate "2015.01.24"]
[WhiteTeam "Tauste B"]
[BlackTeam "Caissa B"]

1. e4 c6 2. d4 d5 3. f3 e6 4. Nc3 Bb4 5. Qd3 b6 6. Qe3 Ne7 7. a3 Bxc3+ 8. bxc3
O-O 9. Bd3 Ba6 10. Ne2 c5 11. Bxa6 Nxa6 12. O-O Qd7 13. Qd3 Qa4 14. Be3 Rac8
15. Rfc1 Rc7 16. e5 Rfc8 17. g4 cxd4 18. Bxd4 Nc6 19. Ra2 Na5 20. Qxa6 b5 21.
Qd6 Qc4 22. Qb4 Qxe2 23. Qxa5 Qxf3 24. Qxb5 Qxg4+ 25. Kh1 1/2-1/2

[Event "Cto Aragón Equipos Pref Gr II"]
[Site "Aragon"]
[Date "2015.01.31"]
[Round "2.67"]
[White "Galvez Perez, Jose Luis"]
[Black "Constin Balesescu, Ion"]
[Result "0-1"]
[WhiteElo "1947"]
[BlackElo "1767"]
[PlyCount "62"]
[EventDate "2015.01.24"]
[WhiteTeam "Caissa B"]
[BlackTeam "Tauste B"]

1. d4 d5 2. c4 Nc6 3. Nc3 Nf6 4. cxd5 Nxd5 5. e4 Nxc3 6. bxc3 e6 7. Nf3 Be7 8.
Bd3 O-O 9. h4 h6 10. Be3 f6 11. h5 e5 12. d5 Nb8 13. Qd2 Kh7 14. Nh4 Rf7 15.
Ke2 Bf8 16. f3 c6 17. c4 a6 18. Ng6 Bd7 19. c5 a5 20. Bc4 Qc8 21. Rhb1 cxd5 22.
Qxd5 Be8 23. Qd3 Bxc5 24. Bxc5 Qxc5 25. Bxf7 Bxf7 26. Rxb7 Bc4 27. Rab1 Bxd3+
28. Kxd3 Nc6 29. Ke2 Qc2+ 30. Kf1 Nb4 31. Re1 Nd3 0-1

[Event "Cto Aragón Equipos Pref Gr II"]
[Site "Aragon"]
[Date "2015.01.31"]
[Round "2.68"]
[White "San Lazaro Lorente, David"]
[Black "Vasilev, Vas"]
[Result "1-0"]
[WhiteElo "1751"]
[BlackElo "1943"]
[PlyCount "63"]
[EventDate "2015.01.24"]
[WhiteTeam "Tauste B"]
[BlackTeam "Caissa B"]

1. d4 g6 2. Nf3 Bg7 3. Bf4 d6 4. c3 Nf6 5. h3 O-O 6. e3 Nc6 7. Bc4 Nd7 8. O-O
e5 9. Bg5 Qe8 10. Qc2 Kh8 11. Nbd2 h6 12. Bh4 f5 13. dxe5 dxe5 14. Bg3 g5 15.
Bb5 f4 16. Bh2 Nf6 17. Nc4 Qh5 18. Bxc6 bxc6 19. Ncxe5 Bxh3 20. gxh3 Qxh3 21.
Ng6+ Kg8 22. Qb3+ Kh7 23. Nxf8+ Rxf8 24. Qc2+ Kh8 25. Ne5 f3 26. Nxf3 Ng4 27.
Bg3 Rxf3 28. Rad1 Nxe3 29. Rd8+ Rf8 30. Rxf8+ Bxf8 31. Be5+ Kg8 32. Qg6+ 1-0

[Event "Cto Aragón Equipos Pref Gr II"]
[Site "Aragon"]
[Date "2015.01.31"]
[Round "2.70"]
[White "Perez Boy, Pedro"]
[Black "Lopez Guaita, Fernando"]
[Result "0-1"]
[WhiteElo "1816"]
[BlackElo "1967"]
[PlyCount "84"]
[EventDate "2015.01.24"]
[WhiteTeam "Santa Isabel"]
[BlackTeam "Agrupacion B"]

1. e4 d5 2. Nc3 d4 3. Nce2 e5 4. Nf3 Nc6 5. Ng3 Bd7 6. Bc4 Qe7 7. d3 h6 8. a3
O-O-O 9. Bd2 g6 10. O-O f5 11. exf5 gxf5 12. Re1 Bg7 13. Nh5 Qf8 14. b4 Re8 15.
b5 Nd8 16. Bb4 Ne7 17. Nxg7 Qxg7 18. Nxe5 Be6 19. Qf3 Bxc4 20. Nxc4 Ng6 21.
Qxf5+ Kb8 22. Rxe8 Rxe8 23. Re1 Nh4 24. Qh3 Rg8 25. g4 Qxg4+ 26. Qxg4 Rxg4+ 27.
Kf1 Rg8 28. Re4 Nf3 29. Nd2 Nxh2+ 30. Ke2 Ng4 31. Rxd4 h5 32. f3 Nh6 33. Rf4
Ne6 34. Rf6 Nf5 35. Nb3 Nfd4+ 36. Nxd4 Nxd4+ 37. Kd2 Rg2+ 38. Kd1 Rg1+ 39. Be1
Kc8 40. c4 h4 41. Kd2 h3 42. Bf2 h2 0-1

[Event "Cto Aragón Equipos Pref Gr II"]
[Site "Aragon"]
[Date "2015.01.31"]
[Round "2.71"]
[White "Montes Llorente, Diego"]
[Black "Peris Laorden, Gerardo"]
[Result "0-1"]
[WhiteElo "1855"]
[BlackElo "1784"]
[PlyCount "72"]
[EventDate "2015.01.24"]
[WhiteTeam "Agrupacion B"]
[BlackTeam "Santa Isabel"]

1. e4 d6 2. d4 Nf6 3. Nc3 g6 4. f4 Bg7 5. Nf3 O-O 6. h3 c5 7. dxc5 dxc5 8. Qxd8
Rxd8 9. Bc4 a6 10. Be3 b5 11. Bd5 Nxd5 12. Nxd5 Bxb2 13. Rd1 Nd7 14. Nb6 Ra7
15. Bxc5 Rc7 16. Bxe7 Re8 17. Nxc8 Rexc8 18. Nd4 Nb6 19. Bb4 Bxd4 20. Rxd4 Rxc2
21. Ba5 Nc4 22. Bd2 Rxa2 23. Ke2 Na5 24. Rd6 Rcc2 25. Rd1 Nc4 26. Rd7 b4 27. e5
b3 28. Rd8+ Kg7 29. Rd7 Rxd2+ 30. R1xd2 Rxd2+ 31. Rxd2 Nxd2 32. Kxd2 a5 33. Kc3
a4 34. g4 f6 35. e6 f5 36. g5 Kf8 0-1

[Event "Cto Aragón Ajedrez Equipos DH Gr I"]
[Site "Aragon"]
[Date "2015.02.07"]
[Round "3.1"]
[White "Llanes Luno, Ricardo"]
[Black "Forcen Esteban, Daniel"]
[Result "0-1"]
[WhiteElo "2176"]
[BlackElo "2526"]
[PlyCount "112"]
[EventDate "2015.01.24"]
[WhiteTeam "Delicias"]
[BlackTeam "Jaime Casas"]

1. e4 c5 2. Nf3 d6 3. d4 cxd4 4. Nxd4 Nf6 5. Nc3 a6 6. g3 e5 7. Nde2 Nbd7 8.
Bg2 b5 9. O-O Bb7 10. Be3 Be7 11. h3 O-O 12. g4 b4 13. Nd5 Nxd5 14. exd5 a5 15.
c4 bxc3 16. Nxc3 Ba6 17. Re1 g6 18. Bf1 Bc8 19. Bh6 Re8 20. Rc1 Kh8 21. Nb5 Rg8
22. Be3 f5 23. Nc7 Rb8 24. Ne6 Qe8 25. b3 Nf6 26. Ba7 Rb7 27. Ba6 fxg4 28. Bxb7
Bxb7 29. hxg4 Bd8 30. f4 Nxd5 31. Nxd8 Qxd8 32. fxe5 Rf8 33. Rf1 dxe5 34. Rxf8+
Qxf8 35. Qf1 Nf4 36. Re1 Qh6 37. Re3 Qh1+ 38. Kf2 Qh4+ 39. Kg1 Qxg4+ 40. Kh2
Qh4+ 41. Kg1 Qh1+ 42. Kf2 Qh2+ 43. Ke1 Ng2+ 44. Kd2 Nxe3+ 45. Kxe3 Qg3+ 46. Kd2
Qf4+ 47. Ke1 Qxf1+ 48. Kxf1 Kg7 49. Bb6 a4 50. Bd8 Kf7 51. Kf2 Ke6 52. bxa4 Kf5
53. Ke3 h5 54. a5 g5 55. Be7 h4 56. Kf2 Kf4 0-1

[Event "Cto Aragón Ajedrez Equipos DH Gr I"]
[Site "Aragon"]
[Date "2015.02.07"]
[Round "3.2"]
[White "Garza Marco, Sergio"]
[Black "Roche Simon, Manuel Angel"]
[Result "1-0"]
[WhiteElo "2415"]
[BlackElo "2144"]
[PlyCount "57"]
[EventDate "2015.01.24"]
[WhiteTeam "Jaime Casas"]
[BlackTeam "Delicias"]

1. Nf3 d5 2. c4 c6 3. g3 Nf6 4. Bg2 Bg4 5. O-O Nbd7 6. cxd5 cxd5 7. Nc3 e6 8.
d3 Be7 9. h3 Bh5 10. e4 O-O 11. g4 Bg6 12. Nh4 dxe4 13. Nxg6 hxg6 14. dxe4 Nc5
15. e5 Nh7 16. Be3 Nd3 17. Qe2 Nxe5 18. Bxb7 Rb8 19. Bg2 Qd3 20. Rfe1 Qxe2 21.
Rxe2 Nc4 22. Bxa7 Rxb2 23. Rxb2 Nxb2 24. Rb1 Nd3 25. a4 Nf4 26. a5 Nxg2 27.
Kxg2 Ra8 28. Rb8+ Rxb8 29. Bxb8 1-0

[Event "Cto Aragón Ajedrez Equipos DH Gr I"]
[Site "Aragon"]
[Date "2015.02.07"]
[Round "3.3"]
[White "Lamas Mercadal, Manuel"]
[Black "Ramiro Ovejero, Juan Luis"]
[Result "0-1"]
[WhiteElo "2127"]
[BlackElo "2350"]
[PlyCount "100"]
[EventDate "2015.01.24"]
[WhiteTeam "Delicias"]
[BlackTeam "Jaime Casas"]

1. e4 c6 2. d4 d5 3. Nc3 dxe4 4. Nxe4 Bf5 5. Ng3 Bg6 6. h4 h6 7. Nf3 Nd7 8. h5
Bh7 9. Bd3 Bxd3 10. Qxd3 e6 11. Bd2 Qc7 12. O-O-O Ngf6 13. Ne4 O-O-O 14. g3 Be7
15. Kb1 c5 16. Bf4 Qc6 17. Nxf6 Bxf6 18. d5 exd5 19. Qxd5 Ne5 20. Qxc6+ Nxc6
21. c3 Rhe8 22. Rxd8+ Bxd8 23. Re1 Rxe1+ 24. Nxe1 Bc7 25. Be3 b6 26. Kc2 Kd7
27. Nf3 Ke6 28. g4 f5 29. g5 f4 30. gxh6 gxh6 31. Bd2 c4 32. Nh4 Ne7 33. Kd1
Kf6 34. Ke2 Kg5 35. Ng2 Kg4 36. Ne1 Nd5 37. f3+ Kxh5 38. Ng2 Kg5 39. Be1 b5 40.
a3 Nb6 41. Kd1 Na4 42. Kc2 Nc5 43. Bh4+ Kf5 44. Bf2 Bd6 45. Bxc5 Bxc5 46. Kd2
h5 47. Ke2 Kg5 48. Ne1 h4 49. Nc2 h3 50. Kf1 Kh4 0-1

[Event "Cto Aragón Ajedrez Equipos DH Gr I"]
[Site "Aragon"]
[Date "2015.02.07"]
[Round "3.4"]
[White "Rudolf, Anna"]
[Black "Neila Castillo, Miguel Angel"]
[Result "1-0"]
[WhiteElo "2319"]
[BlackElo "2116"]
[PlyCount "53"]
[EventDate "2015.01.24"]
[WhiteTeam "Jaime Casas"]
[BlackTeam "Delicias"]

1. e4 d5 2. exd5 Qxd5 3. Nc3 Qd6 4. d4 Nf6 5. Nf3 a6 6. g3 Bg4 7. Bg2 Nc6 8.
O-O O-O-O 9. Bf4 Bxf3 10. Qxf3 Qxd4 11. Qe2 Qd7 12. Rad1 Qe8 13. Rxd8+ Nxd8 14.
Qe5 Ne6 15. Bh3 Qc6 16. Bxe6+ fxe6 17. Rd1 g6 18. Qd4 Bg7 19. Be5 g5 20. Qa7 b5
21. a4 Nh5 22. axb5 axb5 23. Bxc7 Qxc7 24. Qa8+ Qb8 25. Qa6+ Qb7 26. Qxe6+ Kb8
27. Rd7 1-0

[Event "Cto Aragón Ajedrez Equipos DH Gr I"]
[Site "Aragon"]
[Date "2015.02.07"]
[Round "3.5"]
[White "Lana Rodriguez, David"]
[Black "Salamero Pelay, Fernando"]
[Result "0-1"]
[WhiteElo "2254"]
[BlackElo "2164"]
[PlyCount "62"]
[EventDate "2015.01.24"]
[WhiteTeam "Agrupacion"]
[BlackTeam "Club atletismo Huesca"]

1. e4 Nc6 2. Nf3 Nf6 3. e5 Ng4 4. d4 d6 5. h3 Nh6 6. Bxh6 gxh6 7. Bb5 a6 8. Ba4
b5 9. Bb3 dxe5 10. d5 e4 11. Nd4 Ne5 12. Qh5 Bg7 13. Ne6 Bxe6 14. dxe6 O-O 15.
exf7+ Kh8 16. Nc3 c5 17. Rd1 Qc7 18. Bd5 Rad8 19. O-O e6 20. Bxe6 Rxd1 21. Rxd1
Qe7 22. Qf5 Nxf7 23. Rd7 Nd6 24. Qxc5 Qxe6 25. Rxd6 Qe8 26. Rxa6 b4 27. Nd5 Qh5
28. Ra5 Qd1+ 29. Kh2 Be5+ 30. g3 Bxg3+ 31. Kg2 Qf3+ 0-1

[Event "Cto Aragón Ajedrez Equipos DH Gr I"]
[Site "Aragon"]
[Date "2015.02.07"]
[Round "3.6"]
[White "Luis Vitalla, Fernando"]
[Black "Remiro Juste, Fernando Jose"]
[Result "0-1"]
[WhiteElo "2143"]
[BlackElo "2232"]
[PlyCount "58"]
[EventDate "2015.01.24"]
[WhiteTeam "Club atletismo Huesca"]
[BlackTeam "Agrupacion"]

1. d4 Nf6 2. c4 g6 3. Nc3 d5 4. Nf3 Bg7 5. g3 O-O 6. Bg2 dxc4 7. Ne5 Nc6 8.
Nxc6 bxc6 9. Bxc6 Rb8 10. Bg2 h5 11. h3 Bb7 12. e4 Ne8 13. Be3 f5 14. O-O Qc8
15. d5 Ba6 16. Bxa7 Rxb2 17. Bd4 Bh6 18. f4 h4 19. e5 hxg3 20. d6 Rxg2+ 21.
Kxg2 cxd6 22. exd6 Nxd6 23. Kxg3 Rd8 24. Rf2 Qc6 25. Qf3 Ne4+ 26. Nxe4 Rxd4 27.
Nf6+ Qxf6 28. Qa8+ Kh7 29. Re1 Rd3+ 0-1

[Event "Cto Aragón Ajedrez Equipos DH Gr I"]
[Site "Aragon"]
[Date "2015.02.07"]
[Round "3.7"]
[White "Mimbela Lopez, Miguel A"]
[Black "Gella Lopez, Angel"]
[Result "0-1"]
[WhiteElo "2148"]
[BlackElo "2089"]
[PlyCount "60"]
[EventDate "2015.01.24"]
[WhiteTeam "Agrupacion"]
[BlackTeam "Club atletismo Huesca"]

1. e4 c5 2. Nf3 e6 3. b3 Nc6 4. Bb2 Nf6 5. e5 Nd5 6. c4 Nf4 7. g3 Ng6 8. h4 d6
9. Bg2 Ngxe5 10. Nxe5 Nxe5 11. O-O Be7 12. Bxe5 dxe5 13. Nc3 a6 14. Re1 f6 15.
Qh5+ g6 16. Qh6 Kf7 17. Re2 Rb8 18. Rae1 b5 19. Qe3 Qd4 20. Qf3 Bb7 21. Qe3
Qxe3 22. Rxe3 Bxg2 23. Kxg2 Rhd8 24. cxb5 axb5 25. R3e2 c4 26. f4 exf4 27. gxf4
f5 28. Rxe6 Rxd2+ 29. Kh3 Bb4 30. R6e3 Rd3 0-1

[Event "Cto Aragón Ajedrez Equipos DH Gr I"]
[Site "Aragon"]
[Date "2015.02.07"]
[Round "3.8"]
[White "Laplaza Ara, Carlos"]
[Black "Carruez Berges, Santiago"]
[Result "0-1"]
[WhiteElo "1954"]
[BlackElo "2084"]
[PlyCount "44"]
[EventDate "2015.01.24"]
[WhiteTeam "Club atletismo Huesca"]
[BlackTeam "Agrupacion"]

1. e4 e6 2. d4 d5 3. exd5 exd5 4. Bd3 Nc6 5. c3 Bd6 6. Ne2 Qh4 7. Be3 Nge7 8.
Qd2 Bf5 9. Ng3 Bxd3 10. Qxd3 O-O 11. Nf5 Nxf5 12. Qxf5 Rae8 13. Kf1 Ne7 14. Qf3
f5 15. g3 Qh3+ 16. Qg2 Qh5 17. Nd2 f4 18. Bxf4 Bxf4 19. gxf4 Rxf4 20. Re1 Ref8
21. f3 Rg4 22. Re5 Rxg2 0-1

[Event "Cto Aragón Ajedrez Equipos DH Gr I"]
[Site "Aragon"]
[Date "2015.02.07"]
[Round "3.9"]
[White "Cebrian Valverde, Jose Antonio"]
[Black "Villuendas Valero, Adrian"]
[Result "1/2-1/2"]
[WhiteElo "2140"]
[BlackElo "2288"]
[PlyCount "37"]
[EventDate "2015.01.24"]
[WhiteTeam "San Jose"]
[BlackTeam "St. Casablanca B"]

1. d4 e6 2. g3 Nf6 3. Bg2 d5 4. Nf3 b5 5. O-O Bb7 6. Nbd2 Nbd7 7. b3 b4 8. Bb2
Be7 9. Ne5 O-O 10. c4 bxc3 11. Bxc3 c5 12. Nxd7 Qxd7 13. dxc5 Bxc5 14. Bxf6
gxf6 15. e4 dxe4 16. Nxe4 Qxd1 17. Raxd1 Bxe4 18. Bxe4 Rad8 19. Bf3 1/2-1/2

[Event "Cto Aragón Ajedrez Equipos DH Gr I"]
[Site "Aragon"]
[Date "2015.02.07"]
[Round "3.10"]
[White "Gimenez Martinez, Alberto"]
[Black "Gimeno Oteo, Marco Antonio"]
[Result "1-0"]
[WhiteElo "2158"]
[BlackElo "2072"]
[PlyCount "45"]
[EventDate "2015.01.24"]
[WhiteTeam "St. Casablanca B"]
[BlackTeam "San Jose"]

1. e4 e5 2. Bc4 Nf6 3. d3 Be7 4. Nc3 c6 5. Nf3 d6 6. O-O O-O 7. a4 Qc7 8. Ba2
b6 9. Re1 Bb7 10. Ne2 d5 11. Ng3 Nbd7 12. Nf5 Rfe8 13. Qd2 Bf8 14. Qg5 Kh8 15.
Qh4 Rad8 16. Ng5 Kg8 17. Re3 Nc5 18. Nxh7 Nxh7 19. Rh3 f6 20. Qxh7+ Kf7 21. Rg3
Ne6 22. Qg6+ Kg8 23. Nh6+ 1-0

[Event "Cto Aragón Ajedrez Equipos DH Gr I"]
[Site "Aragon"]
[Date "2015.02.07"]
[Round "3.11"]
[White "Palomar Ramon, Santiago"]
[Black "Cortes Lizano, Jesus"]
[Result "1/2-1/2"]
[WhiteElo "1949"]
[BlackElo "2128"]
[PlyCount "48"]
[EventDate "2015.01.24"]
[WhiteTeam "San Jose"]
[BlackTeam "St. Casablanca B"]

1. e4 c5 2. Nf3 d6 3. d4 Nf6 4. Nc3 cxd4 5. Nxd4 a6 6. Bg5 e6 7. f4 Nbd7 8. Qf3
Qc7 9. O-O-O Be7 10. Bd3 Nc5 11. Rhe1 O-O 12. e5 Nxd3+ 13. Rxd3 dxe5 14. fxe5
Nd5 15. Bxe7 Nxe7 16. Qh5 Ng6 17. Rh3 h6 18. Rg3 b5 19. Ne4 Qxe5 20. Qxe5 Nxe5
21. Nf6+ Kh8 22. Rxe5 gxf6 23. Rh5 Kh7 24. Rgh3 Kg7 1/2-1/2

[Event "Cto Aragón Ajedrez Equipos DH Gr I"]
[Site "Aragon"]
[Date "2015.02.07"]
[Round "3.12"]
[White "Bellosta Lopez, Pablo"]
[Black "Urgel Varela, Fernando"]
[Result "1-0"]
[WhiteElo "2074"]
[BlackElo "1825"]
[PlyCount "52"]
[EventDate "2015.01.24"]
[WhiteTeam "St. Casablanca B"]
[BlackTeam "San Jose"]

1. e4 c5 2. Nf3 e6 3. d3 Nc6 4. g3 a6 5. Bg2 Nf6 6. O-O d5 7. Qe2 Be7 8. e5 Nd7
9. c4 d4 10. h4 O-O 11. Bf4 h6 12. Re1 g5 13. hxg5 hxg5 14. Nxg5 Bxg5 15. Qg4
f6 16. exf6 Nxf6 17. Qxg5+ Kf7 18. Bxc6 bxc6 19. Nd2 Qe7 20. Ne4 Rg8 21. Nd6+
Kf8 22. Qh6+ Qg7 23. Nxc8 Rxc8 24. Qxg7+ Kxg7 25. Rxe6 Nh5 26. Bd6 Kf7 1-0

[Event "Cto Aragón Ajedrez Equipos DH Gr I"]
[Site "Aragon"]
[Date "2015.02.07"]
[Round "3.13"]
[White "Garcia Fernandez, Javier"]
[Black "Veras Sanz, Marino"]
[Result "0-1"]
[WhiteElo "2210"]
[BlackElo "2057"]
[PlyCount "154"]
[EventDate "2015.01.24"]
[WhiteTeam "Teruel"]
[BlackTeam "El Olivar B"]

1. d4 d6 2. Nc3 Nf6 3. e4 e5 4. Nf3 Nbd7 5. Bc4 Be7 6. O-O O-O 7. Qe2 c6 8. a4
b6 9. Rd1 Qc7 10. b3 a6 11. Ba3 b5 12. axb5 axb5 13. Bxd6 Bxd6 14. Bxf7+ Rxf7
15. Rxa8 exd4 16. e5 Nxe5 17. Nxd4 Qb7 18. Rda1 Bb8 19. f4 Neg4 20. Ne4 Bxf4
21. Nxf6+ Nxf6 22. Qe6 Nd7 23. R1a7 Nf8 24. Rxb7 Bxe6 25. Rxf7 Bxf7 26. Nxc6
Bd6 27. h3 Bd5 28. Rc8 Kf7 29. Nd4 Bb7 30. Nxb5 Be5 31. Rc4 Ne6 32. Kf2 Nf4 33.
Rc5 Bb8 34. Rg5 Ne6 35. Rf5+ Kg6 36. g4 Be4 37. Rh5 Bxc2 38. b4 Nf4 39. Rc5
Nd3+ 40. Ke3 Nxc5 41. bxc5 Ba4 42. Nc3 Bc6 43. Ne2 Be5 44. Nc1 Kf6 45. Nd3 Ke6
46. Nb4 Kd7 47. Nd3 Bg3 48. Kd4 Bg2 49. h4 Bxh4 50. Ke5 Bf6+ 51. Kf5 Bf1 52.
Nf4 h6 53. Kg6 Bd4 54. g5 hxg5 55. Kxg5 Be3 56. Kg6 Bxf4 57. Kxg7 Kc6 58. Kf7
Bd3 59. Ke6 Kxc5 60. Kf6 Kd6 61. Kf7 Kd7 62. Kf6 Bd6 63. Kf7 Bc4+ 64. Kf6 Ke8
65. Kg6 Ke7 66. Kf5 Kf7 67. Kg5 Ke6 68. Kg6 Bf4 69. Kg7 Bd3 70. Kf8 Bg6 71. Kg7
Kf5 72. Kf8 Kf6 73. Kg8 Bh6 74. Kh8 Bb1 75. Kg8 Kg6 76. Kh8 Bg7+ 77. Kg8 Ba2#
0-1

[Event "Cto Aragón Ajedrez Equipos DH Gr I"]
[Site "Aragon"]
[Date "2015.02.07"]
[Round "3.14"]
[White "Bailo Remacha, Santiago"]
[Black "Dominguez Bujeda, Jesus"]
[Result "0-1"]
[WhiteElo "2036"]
[BlackElo "2135"]
[PlyCount "188"]
[EventDate "2015.01.24"]
[WhiteTeam "El Olivar B"]
[BlackTeam "Teruel"]

1. c4 e6 2. g3 d5 3. cxd5 exd5 4. d4 Nf6 5. Nc3 Be7 6. Bg2 O-O 7. Nf3 Bf5 8.
Qb3 Nc6 9. Nh4 Nxd4 10. Qxb7 Nc2+ 11. Kd1 Rb8 12. Qxa7 Nxa1 13. Nxf5 Bb4 14.
Qd4 c5 15. Qd3 Ne4 16. Nxe4 dxe4 17. Bxe4 Qf6 18. Ne3 c4 19. Qxc4 Rfc8 20. Qd3
Nc2 21. Nxc2 Rd8 22. Nxb4 Rxb4 23. Qxd8+ Qxd8+ 24. Bd3 Qd5 25. f3 Qxa2 26. Kc2
Rb6 27. Rd1 Rc6+ 28. Kd2 Qa5+ 29. Ke3 Qc5+ 30. Kd2 Qd4 31. e3 Qb4+ 32. Ke2 g6
33. e4 Kg7 34. f4 f6 35. h4 Qb3 36. g4 Qe6 37. Kf3 h5 38. f5 Qb3 39. Ke2 hxg4
40. Rg1 g3 41. fxg6 Qb6 42. Be3 Qxb2+ 43. Kf3 Qa3 44. Ke2 Qb2+ 45. Kf3 Qb3 46.
Ke2 Rc3 47. Rd1 Qxd1+ 48. Kxd1 Rxd3+ 49. Ke2 Ra3 50. h5 g2 51. Bg1 Rh3 52. Kf2
Rxh5 53. Kxg2 Kxg6 54. Be3 Ra5 55. Kf3 Ra3 56. Kf4 Ra4 57. Kf3 Kf7 58. Bf4 Ke6
59. Ke3 Kd7 60. Bb8 Ra1 61. Kd3 Rd1+ 62. Ke2 Rb1 63. Bg3 Rb3 64. Bf4 Kc6 65.
Be3 Kd6 66. Bd4 Ke6 67. Ba1 Kf7 68. Bd4 Rh3 69. Be3 Kg6 70. Kf2 Kh5 71. Bf4 Kg4
72. Bb8 Rb3 73. Bc7 Rf3+ 74. Ke2 Rc3 75. Bb8 Rb3 76. Bd6 Kg5 77. Bc7 Kg6 78.
Bf4 Kf7 79. Bc7 Ke7 80. Bf4 Kd7 81. Be3 Ra3 82. Kf3 Ke6 83. Kf4 Ra4 84. Kf3 Ke5
85. Bf4+ Kd4 86. Bc7 Ra1 87. Bg3 Ra3+ 88. Kf4 Rxg3 89. Kxg3 Kxe4 90. Kg2 Ke3
91. Kg3 f5 92. Kg2 f4 93. Kf1 Kf3 94. Kg1 Ke2 0-1

[Event "Cto Aragón Ajedrez Equipos DH Gr I"]
[Site "Aragon"]
[Date "2015.02.07"]
[Round "3.15"]
[White "Martin Catalan, Juan Vicente"]
[Black "Bayod Rubia, Angel"]
[Result "1-0"]
[WhiteElo "2087"]
[BlackElo "2010"]
[PlyCount "99"]
[EventDate "2015.01.24"]
[WhiteTeam "Teruel"]
[BlackTeam "El Olivar B"]

1. d4 Nf6 2. Nf3 g6 3. Bf4 Bg7 4. e3 O-O 5. Be2 d6 6. h3 Nbd7 7. O-O c5 8. c3
b6 9. Nbd2 Bb7 10. Bh2 Bc6 11. a4 Qc7 12. Qb1 Qb7 13. b4 cxb4 14. cxb4 b5 15.
Nb3 Be4 16. Qb2 bxa4 17. Na5 Qd5 18. Nd2 Bxg2 19. Bc4 Qg5 20. f4 Qh5 21. Kxg2
Nb6 22. Bd3 Nfd5 23. Rfe1 e5 24. Nf3 exf4 25. Bxf4 Rfe8 26. Qd2 Re6 27. e4
Nxf4+ 28. Qxf4 g5 29. Qf5 Qh6 30. Nc6 Rae8 31. b5 Rg6 32. Qg4 Bf8 33. e5 Rg7
34. Be4 Re6 35. Bf5 Nd5 36. Bxe6 fxe6 37. Rxa4 Nf4+ 38. Kh2 Qg6 39. Rxa7 Qc2+
40. Kh1 Rg6 41. Ra8 h5 42. Qg3 Kg7 43. Nxg5 Qf5 44. h4 dxe5 45. dxe5 Ne2 46.
Rxe2 Qf1+ 47. Qg1 Qxe2 48. Nd4 Qc4 49. Ndxe6+ Kh6 50. Nf7+ 1-0

[Event "Cto Aragón Ajedrez Equipos DH Gr I"]
[Site "Aragon"]
[Date "2015.02.07"]
[Round "3.16"]
[White "Arinez Bruna, Octavio"]
[Black "Barcena Laguia, Francisco"]
[Result "1-0"]
[WhiteElo "1979"]
[BlackElo "1921"]
[PlyCount "107"]
[EventDate "2015.01.24"]
[WhiteTeam "El Olivar B"]
[BlackTeam "Teruel"]

1. c4 c5 2. g3 Nc6 3. Bg2 Nf6 4. Nc3 d6 5. Nf3 g6 6. O-O Bg7 7. d4 cxd4 8. Nxd4
Bd7 9. Nc2 O-O 10. Qd2 Na5 11. b3 Bc6 12. e4 Rc8 13. Nd4 Qb6 14. Bb2 Qb4 15.
Rad1 Bd7 16. h3 Nc6 17. Nc2 Qc5 18. Ne3 a6 19. Ncd5 Nxd5 20. Nxd5 Rfe8 21. Bxg7
Kxg7 22. Qe3 Qxe3 23. Nxe3 Be6 24. f4 f6 25. Rf2 Bf7 26. Bf1 Red8 27. Rfd2 a5
28. Nd5 Bxd5 29. Rxd5 b6 30. a3 Kf7 31. Kf2 h6 32. h4 Rg8 33. Bh3 Rc7 34. Ke3
g5 35. fxg5 hxg5 36. hxg5 Rxg5 37. Rxg5 fxg5 38. Rd5 Ne5 39. Rb5 Rc5 40. Kd4
Nf3+ 41. Ke3 Ne5 42. Bf1 Rxb5 43. cxb5 Kf6 44. Kd4 e6 45. Be2 g4 46. Kc3 Nf3
47. b4 axb4+ 48. Kxb4 Ke5 49. a4 Kxe4 50. a5 bxa5+ 51. Kxa5 Ne5 52. b6 Nd7 53.
b7 Kf5 54. Bb5 1-0